| 000 | 00883nam a22002417a 4500 | ||
|---|---|---|---|
| 003 | BUBTL | ||
| 008 | 230320b ||||| |||| 00| 0 eng d | ||
| 020 | _a9780393926644 | ||
| 082 | _a822.33/ Sh152k/ 2008 | ||
| 100 |
_91992 _aShakespeare, William |
||
| 245 |
_aKing Lear : _ban authoritative text, sources, criticism, adaptations, and responses / _cWilliam Shakespeare |
||
| 250 | _a1st Edn | ||
| 260 |
_aNew York: _bW. W. Norton & Company, |
||
| 300 |
_axvi, 272 p.: _bills.; _c22.5 cm. |
||
| 440 |
_95161 _aA Norton Critical Edition |
||
| 500 | _aIncludes Index | ||
| 505 | _aKing Lear, William Shakespeare, an authoritative text, sources, criticism, adaptations, and responses, English Literature, English | ||
| 650 | 0 |
_91994 _aEnglish Literature |
|
| 700 |
_95244 _aIoppolo, Grace |
||
| 856 |
_k0 _l0 _yDownload |
||
| 942 |
_2ddc _cBK |
||
| 999 |
_c6991 _d6991 |
||